000 00848nam a22002537a 4500
003 NALT
005 20240425101154.0
006 a|||p|r|||| 00| 0
007 ta
008 240425b th |||p| |||| 00| 0 tha d
022 0 0 _a10455736
040 _aNALT
041 _aeng
245 0 0 _aJournal of Democracy
260 _aJohns Hopkins University Press USA
310 _aQuarterly
500 _aบอกรับแทนวารสาร OXFORD JOURNAL OF LEGAL STUDIES เนื่องจากไม่ได้รับในปี ค.ศ. 2023
650 0 _aDemocracy
_989
850 _aNALT
866 _aVol.35 No.1 (January 2024)
942 _2local
_cJNR
_s1
996 _ajintana.i
_bSERSTF
_c2024-04-25
999 _c105108
_d105108
998 _h755
_j755
_k จินตนา เอี่ยมคง